000 00653nam a2200193Ia 4500
003 GCL
008 140319s9999 xx 000 0 ara d
040 _aGCL /
_cGCL
082 0 4 _aد
_b050
100 1 _aعبدالباسط عبدالمعطى
245 1 0 _aاتجاهات نظرية فى علم الاجتماع (عالم المعرفة 44) /
_cعبدالباسط عبدالمعطى
300 _a300 ص
490 _aعالم المعرفة
_v0
650 0 4 _aالعلوم الاجتماعية
650 0 4 _aالدراسات الاجتماعية
650 0 4 _aالاجتماع، علم
650 0 4 _aالانثرويولوجيا
942 _2ddc
_cBK
999 _c50362
_d50362